Best goalkeepers in the top 5 leagues (1990-2024) - Statistics

General Stats
  • This quiz has been taken 690 times
    346 since last reset
  • The average score is 85 of 170
Answer Stats
A Season Team Country G. p. M. Answer % Correct
England 17/18 Manchester City Brazil 0.72 Ederson Moraes
94%
England 21/22 Liverpool Brazil 0.67 Alisson Becker
93%
England 19/20 Liverpool Brazil 0.79 Alisson Becker
93%
England 18/19 Liverpool Brazil 0.58 Alisson Becker
93%
Italy 17/18 AS Roma Brazil 0.76 Alisson Becker
93%
England 20/21 Manchester City Brazil 0.78 Ederson Moraes
93%
England 15/16 Arsenal Czechia 0.91 Petr Cech
91%
England 13/14 Chelsea Czechia 0.71 Petr Cech
91%
England 10/11 Chelsea Czechia 0.87 Petr Cech
91%
England 09/10 Chelsea Czechia 0.74 Petr Cech
91%
England 05/06 Chelsea Czechia 0.59 Petr Cech
91%
England 04/05 Chelsea Czechia 0.37 Petr Cech
91%
Spain 19/20 Real Madrid Belgium 0.59 Thibaut Courtois
91%
Spain 13/14 Atlético Madrid Belgium 0.65 Thibaut Courtois
91%
Spain 12/13 Atlético Madrid Belgium 0.78 Thibaut Courtois
91%
England 08/09 Manchester United Netherlands 0.63 Edwin Van Der Sar
90%
England 07/08 Manchester United Netherlands 0.62 Edwin Van Der Sar
90%
Italy 00/01 Juventus Netherlands 0.79 Edwin Van Der Sar
90%
Italy 99/00 Juventus Netherlands 0.59 Edwin Van Der Sar
90%
Italy 16/17 Juventus Italy 0.80 Gianluigi Buffon
90%
Italy 15/16 Juventus Italy 0.49 Gianluigi Buffon
90%
Italy 14/15 Juventus Italy 0.61 Gianluigi Buffon
90%
Italy 13/14 Juventus Italy 0.61 Gianluigi Buffon
90%
Italy 12/13 Juventus Italy 0.59 Gianluigi Buffon
90%
Italy 11/12 Juventus Italy 0.46 Gianluigi Buffon
90%
Italy 04/05 Juventus Italy 0.62 Gianluigi Buffon
90%
Italy 02/03 Juventus Italy 0.72 Gianluigi Buffon
90%
Italy 96/97 Parma Italy 0.63 Gianluigi Buffon
90%
Germany 21/22 Bayern München Germany 0.93 Manuel Neuer
90%
Germany 19/20 Bayern München Germany 0.94 Manuel Neuer
90%
Germany 16/17 Bayern München Germany 0.50 Manuel Neuer
90%
Germany 15/16 Bayern München Germany 0.47 Manuel Neuer
90%
Germany 14/15 Bayern München Germany 0.56 Manuel Neuer
90%
Germany 13/14 Bayern München Germany 0.58 Manuel Neuer
90%
Germany 12/13 Bayern München Germany 0.58 Manuel Neuer
90%
Germany 11/12 Bayern München Germany 0.67 Manuel Neuer
90%
Germany 08/09 Schalke 04 Germany 0.96 Manuel Neuer
90%
Germany 06/07 Schalke 04 Germany 0.78 Manuel Neuer
90%
Spain 07/08 Real Madrid Spain 0.89 Iker Casillas
89%
Spain 22/23 FC Barcelona Germany 0.47 Marc-André ter Stegen
88%
England 16/17 Tottenham Hotspur France 0.71 Hugo Lloris
87%
Spain 20/21 Atlético Madrid Slovenia 0.66 Jan Oblak
86%
Spain 18/19 Atlético Madrid Slovenia 0.73 Jan Oblak
86%
Spain 17/18 Atlético Madrid Slovenia 0.59 Jan Oblak
86%
Spain 16/17 Atlético Madrid Slovenia 0.72 Jan Oblak
86%
Spain 15/16 Atlético Madrid Slovenia 0.47 Jan Oblak
86%
France 23/24 Paris Saint-Germain Italy 0.80 Gianluigi Donnaruma
82%
England 97/98 Manchester United Denmark 0.66 Peter Schmeichel
81%
England 95/96 Manchester United Denmark 0.83 Peter Schmeichel
81%
England 94/95 Manchester United Denmark 0.47 Peter Schmeichel
81%
England 92/93 Manchester United Denmark 0.74 Peter Schmeichel
81%
England 91/92 Manchester United Denmark 0.80 Peter Schmeichel
81%
England 23/24 Arsenal Spain 0.75 David Raya
80%
Germany 07/08 Bayern München Germany 0.69 Oliver Kahn
79%
Germany 05/06 Bayern München Germany 0.84 Oliver Kahn
79%
Germany 04/05 Bayern München Germany 0.88 Oliver Kahn
79%
Germany 02/03 Bayern München Germany 0.67 Oliver Kahn
79%
Germany 01/02 Bayern München Germany 0.63 Oliver Kahn
79%
Germany 99/00 Bayern München Germany 0.78 Oliver Kahn
79%
Germany 98/99 Bayern München Germany 0.73 Oliver Kahn
79%
Germany 96/97 Bayern München Germany 1.00 Oliver Kahn
79%
Spain 11/12 FC Barcelona Spain 0.80 Víctor Valdés
79%
Spain 10/11 FC Barcelona Spain 0.50 Víctor Valdés
79%
Spain 09/10 FC Barcelona Spain 0.63 Víctor Valdés
79%
Spain 08/09 FC Barcelona Spain 0.89 Víctor Valdés
79%
Spain 04/05 FC Barcelona Spain 0.71 Víctor Valdés
79%
England 12/13 Manchester City England 0.89 Joe Hart
77%
England 11/12 Manchester City England 0.76 Joe Hart
77%
Italy 23/24 Internazionale Milano Switzerland 0.56 Yann Sommer
76%
Italy 21/22 AC Milan France 0.66 Mike Maignan
70%
France 20/21 Lille OSC France 0.61 Mike Maignan
70%
Spain 14/15 FC Barcelona Chile 0.51 Claudio Bravo
69%
Spain 21/22 Sevilla Morocco 0.77 Yassine Bounou
67%
England 03/04 Arsenal Germany 0.68 Jens Lehmann
66%
Germany 97/98 Schalke 04 Germany 0.94 Jens Lehmann
66%
England 06/07 Liverpool Spain 0.66 José Reina
65%
England 22/23 Newcastle United England 0.86 Nick Pope
65%
England 02/03 Manchester United France 0.93 Fabien Barthez
64%
England 00/01 Manchester United France 0.57 Fabien Barthez
64%
England 01/02 Liverpool Poland 0.74 Jerzy Dudek
64%
Italy 20/21 Internazionale Milano Slovenia 0.89 Samir Handanovic
64%
Italy 19/20 Internazionale Milano Slovenia 0.91 Samir Handanovic
64%
Italy 18/19 Juventus Poland 0.71 Wojciech Szczesny
60%
Spain 23/24 Athletic Club Spain 0.92 Unai Simón
58%
Italy 09/10 Internazionale Milano Brazil 0.89 Júlio César Soares
56%
Italy 08/09 Internazionale Milano Brazil 0.78 Júlio César Soares
56%
Italy 07/08 Internazionale Milano Brazil 0.69 Júlio César Soares
56%
Italy 05/06 Internazionale Milano Brazil 0.79 Júlio César Soares
56%
Germany 23/24 Bayer Leverkusen Finland 0.73 Lukáš Hrádecký
56%
England 98/99 Arsenal England 0.47 David Seaman
53%
England 93/94 Arsenal England 0.62 David Seaman
53%
England 90/91 Arsenal England 0.47 David Seaman
53%
Germany 20/21 RB Leipzig Hungary 0.91 Péter Gulácsi
51%
Germany 18/19 RB Leipzig Hungary 0.82 Péter Gulácsi
51%
France 15/16 Paris Saint-Germain Germany 0.54 Kevin Trapp
44%
Germany 10/11 Borussia Dortmund Germany 0.64 Roman Weidenfeller
44%
Germany 17/18 Bayern München Germany 0.90 Sven Ulreich
43%
France 13/14 Paris Saint-Germain Italy 0.62 Salvatore Sirigu
41%
France 12/13 Paris Saint-Germain Italy 0.48 Salvatore Sirigu
41%
Italy 22/23 Napoli Italy 0.71 Alex Meret
40%
France 17/18 Paris Saint-Germain France 0.74 Alphonse Areola
39%
Germany 09/10 Bayern München Germany 0.84 Hans-Jörg Butt
38%
France 16/17 AS Monaco Croatia 0.78 Danijel Subasic
37%
France 14/15 AS Monaco Croatia 0.68 Danijel Subasic
37%
Spain 03/04 Valencia Spain 0.68 Santiago Cañizares
35%
Spain 01/02 Valencia Spain 0.74 Santiago Cañizares
35%
Spain 00/01 Valencia Spain 0.92 Santiago Cañizares
35%
Spain 92/93 Celta de Vigo Spain 0.83 Santiago Cañizares
35%
Italy 10/11 AC Milan Italy 0.54 Christian Abbiati
32%
France 22/23 RC Lens France 0.76 Brice Samba
23%
England 14/15 Southampton England 0.70 Fraser Forster
23%
England 96/97 Liverpool England 0.97 David James
21%
Italy 95/96 AC Milan Italy 0.71 Sebastiano Rossi
20%
Italy 93/94 AC Milan Italy 0.35 Sebastiano Rossi
20%
Germany 22/23 Union Berlin Denmark 0.93 Frederik Rönnow
19%
France 21/22 OGC Nice Argentina 0.95 Walter Benítez
19%
France 18/19 OGC Nice Argentina 0.83 Walter Benítez
19%
France 06/07 Olympique Lyonnais France 0.61 Grégory Coupet
18%
France 04/05 Olympique Lyonnais France 0.61 Grégory Coupet
18%
France 03/04 Olympique Lyonnais France 0.63 Grégory Coupet
18%
Italy 97/98 Internazionale Milano Italy 0.76 Gianluca Pagliuca
17%
Germany 95/96 Köln Germany 1.03 Bodo Illgner
14%
France 19/20 Stade de Reims Serbia 0.67 Predrag Rajkovic
14%
Spain 06/07 Getafe Argentina 0.83 Roberto Abbondanzieri
13%
Germany 94/95 Borussia Dortmund Germany 0.97 Stefan Klos
12%
Germany 03/04 Stuttgart Germany 0.71 Timo Hildebrand
11%
France 94/95 Paris Saint-Germain France 0.97 Bernard Lama
10%
France 93/94 Paris Saint-Germain France 0.59 Bernard Lama
10%
France 92/93 Paris Saint-Germain France 0.76 Bernard Lama
10%
Italy 06/07 AS Roma Brazil 0.78 Doni Alexander
9%
Spain 05/06 Celta de Vigo Spain 0.78 José Manuel Pinto
9%
Italy 98/99 SS Lazio Italy 0.85 Luca Marchegiani
9%
Italy 91/92 Torino Italy 0.58 Luca Marchegiani
9%
Spain 02/03 Celta de Vigo Argentina 0.75 Pablo Cavallero
9%
England 99/00 Liverpool Netherlands 0.81 Sander Westerveld
8%
Spain 96/97 Deportivo La Coruña Cameroon 0.76 Jacques Songo'o
7%
Spain 95/96 Atlético Madrid Spain 0.76 José Francisco Molina
7%
France 96/97 Nantes France 0.52 Mickaël Landreau
7%
Spain 91/92 Real Madrid Spain 0.77 Paco Buyo
7%
Spain 98/99 Mallorca Argentina 0.83 Carlos Roa
6%
Italy 01/02 AS Roma Italy 0.67 Francesco Antonioli
6%
Germany 00/01 Schalke 04 Germany 0.97 Oliver Reck
6%
Germany 92/93 Werder Bremen Germany 0.91 Oliver Reck
6%
Germany 90/91 Werder Bremen Germany 0.85 Oliver Reck
6%
Germany 93/94 Bayern München Germany 1.09 Raimond Aumann
5%
France 08/09 Toulouse France 0.70 Cédric Carrasso
4%
Germany 91/92 Stuttgart Germany 0.84 Eike Immel
4%
Italy 03/04 AS Roma Italy 0.45 Ivan Pelizzoli
4%
France 02/03 Auxerre France 0.76 Fabien Cool
3%
Italy 92/93 Parma Italy 0.76 Marco Ballotta
3%
France 10/11 Stade Rennais France 0.86 Nicolas Douchez
3%
France 05/06 Girondins Bordeaux France 0.63 Ulrich Ramé
3%
France 98/99 Girondins Bordeaux France 0.84 Ulrich Ramé
3%
Spain 90/91 Atlético Madrid Spain 0.51 Abel Resino
2%
France 11/12 Toulouse Comoros 0.89 Ali Ahamada
2%
Spain 93/94 Deportivo La Coruña Spain 0.47 Francisco Liaño
2%
France 95/96 Lens France 0.69 Guillaume Warmuz
2%
France 01/02 Paris Saint-Germain France 0.68 Lionel Létizi
2%
France 99/00 Metz France 1.00 Lionel Létizi
2%
France 97/98 Metz France 0.82 Lionel Létizi
2%
France 91/92 Olympique Marseille France 0.55 Pascal Olmeta
2%
France 90/91 Olympique Marseille France 0.74 Pascal Olmeta
2%
Italy 94/95 AS Roma Italy 0.67 Giovanni Cervone
1%
Spain 99/00 Deportivo Alavés Argentina 0.97 Martín Herrera
1%
France 09/10 Auxerre France 0.83 Olivier Sorin
1%
Spain 94/95 Real Betis Spain 0.65 Pedro Jaro
1%
Italy 90/91 AC Milan Italy 0.69 Andrea Pazzagli
0%
France 07/08 Nancy-Lorraine France 0.79 Gennaro Bracigliano
0%
France 00/01 Lille OSC France 0.75 Grégory Wimbée
0%
Spain 97/98 Espanyol Spain 0.84 Toni Jiménez
0%
No matching quizzes found
Score Distribution
Percent of People with Each Score
Percentile by Number Answered
Your Score History
You have not taken this quiz since the last reset